| 000 | 01451nam a2200337 4500 | ||
|---|---|---|---|
| 001 | 328 | ||
| 003 | OSt | ||
| 005 | 20250528074018.0 | ||
| 008 | 250327b |||||||g |||| 00| 1 eng d | ||
| 040 | _bpor | ||
| 041 |
_heng _apor |
||
| 082 |
_a028.5 _bK16b |
||
| 100 | 1 |
_aKane, Bob, _d1916-1998 _9670 |
|
| 240 | _aBatman and Miss America - special n° 08 | ||
| 245 |
_aBatman e Miss América - especial n° 08 / _cKane, Bob ; História de Bob Haney e Desenho de Mike Sekowsky |
||
| 260 |
_aSão Paulo _bEBAL _c1971 |
||
| 300 |
_a26 p. _bil. |
||
| 490 | 1 |
_aBatman (em cores) 1° série _vvol. 08 |
|
| 520 | _aPublicada pela primeira vez em Brave And The Bold, The (1955) n° 87/1969 - DC Comics Bruce Wayne está disputando uma corrida na França, onde casualmente encontra a Mulher-Maravilha (chamada aqui de “Miss América”), agora sem seus poderes e com visual mod-londrino. As coisas se complicam quando o corredor do carro “Viúva Negra” usa de métodos assassinos para vencer a disputa. Repare que, aqui, a heroína desconhece que Batman é Bruce Wayne. | ||
| 650 | 0 |
_aLiteratura Americana _984 |
|
| 650 | 0 |
_aInfantojuvenil _9200 |
|
| 650 | 0 |
_aAventura _947 |
|
| 650 | 0 |
_aAção _964 |
|
| 650 | 0 |
_aSuper-heróis _9671 |
|
| 655 | 0 |
_aHQs _9247 |
|
| 655 | 0 |
_aFicção _922 |
|
| 700 |
_aBob Haney _eHistória _9672 |
||
| 700 |
_aMike Sekowsky _eDesenho _9673 |
||
| 830 |
_aBatman (em cores) 1° série _vvol. 08 _9674 |
||
| 942 |
_2ddc _n0 _cBK |
||
| 999 |
_c328 _d328 |
||